000 01381nam0a22002891 4500
001 rc\3381656
005 20130115153904.8
021 _aRU
_b[71-43904]
035 _a(NLR Aleph) 007534489
090 _a7765137
_c7765137
100 _a20130115d1970 |||y0rusy50 ca
101 0 _arus
102 _aRU
105 _aa z |||||
200 1 _aКонтроль технологических параметров свеклосахарного производства
_e(Контроль уровня)
_eОбзор
_fЦентр. науч.-исслед. ин-т информации и техн.-экон. исследований пищевой пром-сти М-ва пищевой пром-сти СССР
210 _aМосква
_cБ. и.
_d1970
215 _a[1], 48 с.
_cчерт.
_d21
300 _aПеред загл. авт.: М.Я. Азрилевич, Я.И. Барас, В.М. Эрлих. На обл. авт. не указаны
606 _aСахарное производство
_xТехнический контроль
_2psbo
700 1 _aАзрилевич
_bМ. Я.
_gМоисей Яковлевич
701 1 _aБарас
_bЯ. И.
_gЯков Исаакович
701 1 _aЭрлих
_bВ. М.
_gВладимир Михайлович
801 0 _aRU
_bNLR
_gpsbo
801 1 _aRU
_bELAR
_2rusmarc
852 _aNLR
_j71-4/10340
942 _cBOOK
980 _aNB